| 000 | 00710nac a22002051u 4500 | ||
|---|---|---|---|
| 010 | _a 95044355 | ||
| 020 | _a0814403085 | ||
| 082 | 0 | 0 |
_a659.2 _bYOU |
| 090 |
_c9275 _d9275 |
||
| 100 | _aYoung, Davis, | ||
| 245 | 1 | 0 |
_aBuilding your company's good name : how to create & protect the reputation your organization wants & deserves / _cDavis Young. |
| 260 |
_aNew York : _bAMACOM,c1996. _cc1996. |
||
| 300 |
_aviii, 200 p. ; _c24 cm. |
||
| 500 | _aDistributer: Al-Ahram. | ||
| 504 | _aIncludes bibliographical references and index. | ||
| 511 | _aCatalogued By: Mahitab. | ||
| 650 | 0 | _aCorporate image. | |
| 650 | 0 | _aPublic relations. | |
| 942 |
_cBB _k659.2YOU |
||
| 999 |
_c9275 _d9275 |
||